| 000 | 00861nam a2200277Ia 4500 | ||
|---|---|---|---|
| 005 | 20250425162217.0 | ||
| 008 | 250425s9999 xx 000 0 und d | ||
| 020 | _a9584212214 | ||
| 041 | _aspa | ||
| 043 | _ack | ||
| 082 | _a332.09861 | ||
| 100 | _aSerrano RodrĂguez, Javier | ||
| 245 | 0 |
_aMercados financieros _bvision del sistema financiero colombiano y de los principales mercados financieros internacionales |
|
| 250 | _a1a ed. | ||
| 260 | _aBogota | ||
| 260 |
_aColombia _bFACULTAD DE ADMINISTRACION DE LA UNIVERSIDAD DE LOS ANDES _c2004. |
||
| 300 |
_a512 p. _bTablas _c17 x 23 cm. |
||
| 650 | _aFinanzas | ||
| 650 | _aFinanzas internacionales | ||
| 650 | _aMercado de capitales | ||
| 650 | _aMercado financiero - Colombia | ||
| 650 | _aPolĂticas monetaria | ||
| 710 | _aUniversidad de los Andes. | ||
| 942 | _c01 | ||
| 010 | _a56917 | ||
| 999 |
_c224587 _d224587 |
||